| 000 | 00424nam a2200181Ia 4500 | ||
|---|---|---|---|
| 001 | 8928 | ||
| 005 | 20260306160646.0 | ||
| 008 | 260306t1971||||xx |||||||||||||| ||spa|| | ||
| 041 | _aESP | ||
| 082 |
_a371.926 _bP48 |
||
| 100 |
_aPetit, Jean, _eAUT |
||
| 245 | 0 | _aLa educación de niños deficientes | |
| 260 | _c1971 | ||
| 300 |
_a357 páginas : _c23 cm. |
||
| 650 | _aGEN | ||
| 654 | _aCED | ||
| 942 |
_cLIB _dJUS _fJUS _2ddc _n |
||
| 999 |
_c8928 _d8928 |
||